| 000 | 00838nam a2200229Ia 4500 | ||
|---|---|---|---|
| 003 | OSt | ||
| 005 | 20220923215331.0 | ||
| 006 | a|||||r|||| 00| 0 | ||
| 007 | ta | ||
| 008 | 220922b |||||||| |||| 00| 0 hin d | ||
| 024 | _a177,843 | ||
| 037 | _cTextual | ||
| 040 |
_aARTS _cARTS _bhin |
||
| 041 |
_2hin _ahin |
||
| 082 | _aO152,1F70,11:g, J2 | ||
| 100 |
_aशर्मा, राजेन्द्र; दीक्षित, प्रकाश _9163746 |
||
| 245 | 0 | _aमहाकवि चन्द्वरदायी और पद्मावती - समय | |
| 246 | _ahinākavi chandvaradāyī aur padmāvatī - samaya | ||
| 260 | _c1952 | ||
| 942 |
_hO152,1F70,11:g, J2 _cTEXL _2CC |
||
| 999 |
_c331229 _d331229 |
||